| 000 | 010530000a22002170004500 | ||
|---|---|---|---|
| 020 | _a968-13-1454-9 | ||
| 041 | 0 | _aSPA | |
| 082 | 0 | 4 | _aG 173 H265c |
| 100 | 1 | _aHardovin, Gérard | |
| 245 | 1 | 0 | _a101 Consejos a las parejas / Gérard Hardovin, Claude Ullin ; Xavier Ochoa Alvarez, Traductor |
| 260 | _aTlacoquemécalt, México D.F., México : Diana | ||
| 300 | _a198 Pag. | ||
| 500 | _aTítulo original : 101 Conseils aux couples | ||
| 505 | 0 | 0 | _aporque eres tú, porque soy yo -- la vida actual entre dos -- resolver sus dificultades sexuales y atreverse a hablar de ellas -- la pareja se vuelve tres -- "te prometo fidelidad" -- cuando el hijo aparece -- algunos consejos a las parejas estériles o que creen serlo -- la pareja a los cincuenta años -- las situaciones conflictivas graves y el terapeuta -- la comunicación -- el matrimonio que hay que hacer |
| 650 | 1 | 4 | _aCONSEJERIA MATRIMONIAL |
| 001 | 1239 | ||
| 942 | _cBK | ||
| 999 |
_c32562 _d32562 |
||
| 336 |
_atexto _btxt _2rdacontent |
||
| 337 |
_2rdamedia _asin mediación _bn |
||
| 338 |
_2rdacarrier _avolumen _bnc |
||